LIBRARY & INFORMATION CENTRE, KCAET, TAVANUR

ONLINE PUBLIC ACCESS CATALOGUE (OPAC)

Kidnapped / (Record no. 2605)

MARC details
000 -LEADER
fixed length control field 00496cam a2200205ua 4500
041 ## - LANGUAGE CODE
Language code of text/sound track or separate title eng
082 ## - DEWEY DECIMAL CLASSIFICATION NUMBER
Classification number 823.308
Item number STE/KI
100 ## - MAIN ENTRY--AUTHOR NAME
Personal name Stevenson, Robet Louis.
245 ## - TITLE STATEMENT
Title Kidnapped /
250 ## - EDITION STATEMENT
Edition statement /
260 ## - PUBLICATION, DISTRIBUTION, ETC. (IMPRINT)
Place of publication London :
Name of publisher J M Dent and sons ltd ,
Year of publication 1965.
300 ## - PHYSICAL DESCRIPTION
Number of Pages 86 ; .
942 ## - ADDED ENTRY ELEMENTS (KOHA)
Koha item type Books
Holdings
Withdrawn status Lost status Damaged status Home library Current library Date acquired Full call number Accession Number Koha item type
Withdrawn     KAUAET Central Prison Tavanur 07/04/2012 823.308 11131 Books
Withdrawn     KAUAET Malayalam University 07/04/2012 823.308 11103 Books
Withdrawn     KAUAET Malayalam University 07/04/2012 823.308 11027 Books
Withdrawn     KAUAET Sanskrit University 07/04/2012 823.308 4122 Books
Withdrawn     KAUAET Sanskrit University 07/04/2012 823.308 11137 Books
free website counter